| 000 | 00366nam a22001457a 4500 | ||
|---|---|---|---|
| 003 | OSt | ||
| 005 | 20241213120458.0 | ||
| 008 | 241213s2003 ag ||||| |||| 00| 0 spa d | ||
| 020 | _a9505118961 | ||
| 040 | _cbesoc | ||
| 100 |
_aBodoc, Liliana _eautor |
||
| 245 |
_aDiciembre, Súper Álbum _cLiliana Bodoc |
||
| 260 |
_aBuenos Aires: _bAlfaguara _c2003 |
||
| 942 |
_2udc _cOG _n0 |
||
| 999 |
_c411 _d411 |
||